000 02556nam0a2200505 4500
001 RU\NLR\bibl\1367284
005 20250615185450.0
010 _a978-5-98100-117-8
_9500
021 _aRU
_b2009-20556
_91217
035 _a(nilc)RSL-KNO-004265788
035 _a1VIL\RUSMED\0000137320
035 _aEL/0000259252
035 _a(NLR Aleph) 001359434
090 _a971746
_c971746
100 _a20090318d2007 |||y0rusy50 ca
101 0 _arus
102 _aRU
105 _aa |||||||||
200 1 _aПропедевтика внутренних болезней
_eучебное пособие
_fВ. А. Жмуров, М.В. Малишевский, С.А. Осколков, В.Г. Яркова
_gФедеральное агентство по здравоохранению и социальному развитию, Гос. образовательное учреждение высш. проф. образования "Тюменская гос. мед. акад." Федерального агентства по здравоохранению и социальному развитию" (ГОУ ВПО ТюмГМА Росздрава)
205 _a[3-е изд., доп. и перераб.]
210 _aТюмень
_cТюмГМА Росздрава
_d2007
215 _a247 с.
_cил., табл.
_d22
606 1 _aТЕРАПИЯ (ДИСЦИПЛИНА)
_2rus_mesh
_3R7528
606 1 _aINTERNAL MEDICINE
_2rus_mesh
_3E7528
606 1 _aУЧЕБНОЕ ПОСОБИЕ
_2rus_mesh
_3R53797
606 1 _aINSTRUCTION
_2rus_mesh
_3E53797
606 1 _aВнутренние болезни
_jУчебные издания для высших учебных заведений
_xПропедевтика
_92524083
_3RU\NLR\auth\661495490
686 _aР41я73-1
_2rubbk
686 _a76.29.29
_2rugasnti
686 _a76.01.33
_2rugasnti
686 _aH02.403.776.409
_v2009
_2MESH
686 _aV02.575
_v2009
_2MESH
686 _aР41я73
701 1 _aЖмуров
_bВ. А.
_gВладимир Александрович
_4070
701 1 _aМалишевский
_bМ. В.
_gМихаил Владимирович
_4070
701 1 _aОсколков
_bС. А.
_gСергей Анатольевич
_4070
701 1 _aЯркова
_bВ. Г.
_gВалентина Григорьевна
_4070
801 0 _aRU
_bРГБ
_c20090318
_grcr
801 1 _aRU
_bРГБ
_c20090318
801 2 _aRU
_bЦНМБ
_c20090319
801 2 _aRU
_bNLR
_c20090508
_grcr
830 _aавт. по кн.
942 _cBOOK
980 _aNB